| 000 | 01624nam2a2200289 4500 | ||
|---|---|---|---|
| 001 | RU\NLR\BIBL_A\022699050 | ||
| 005 | 20260118052306.0 | ||
| 035 | _a(NLR Aleph) 022699050 | ||
| 090 |
_a13515336 _c13515336 |
||
| 100 | _a20260118 rusy50 | ||
| 101 | 0 | _arus | |
| 102 | _aRU | ||
| 135 | _acrcn 024anaba | ||
| 200 | 0 | _a1938, № 15 (285) (31 марта) | |
| 210 | _d1938 | ||
| 325 | 1 | _aКопия доступна в электронной библиотеке РНБ | |
| 461 | 0 |
_1001RU\NLR\BIBL_A\022682521 _12001#$aАвтосигнал$eОрган партбюро и профкомов пред-тий треста пассажир. перевозок "Ленавтотранс"$fОтв. ред. Н. Н. Зимичев$v1938, № 15 (285) (31 марта) _913501606 _a"Ленавтотранс", трест (Ленинград) _cЛенинград _d1933 - 1941 _fОтв. ред. Н. Н. Зимичев _oОрган партбюро и профкомов пред-тий треста пассажир. перевозок "Ленавтотранс" _tАвтосигнал _v1938, № 15 (285) (31 марта) |
|
| 852 |
_aNLR _jЛ388 |
||
| 856 | 0 | _uhttps://vivaldi.nlr.ru/pn000388706/view | |
| 856 | 1 | _uhttps://vivaldi.nlr.ru/pn000388706/cover | |
| 856 | 2 | _uhttps://vivaldi.nlr.ru/pn000388706/text | |
| 901 | _eГазеты | ||
| 942 | _cISSNP | ||
| 980 | _aNB | ||
| 981 | 2 | 7 |
_a(27) Периодические издания _b(27) Газеты |